الموالي : موقف الدولة الأموية منهم / (رقم التسجيلة. 113115)

تفاصيل مارك
000 -LEADER
fixed length control field 00652nam a22001817a 4500
005 - DATE AND TIME OF LATEST TRANSACTION
control field 20251108174607.0
008 - FIXED-LENGTH DATA ELEMENTS--GENERAL INFORMATION
fixed length control field 250721s1988 xx 000 0 ara d
082 14 - DEWEY DECIMAL CLASSIFICATION NUMBER
Classification number 956.04/مصر
100 1# - MAIN ENTRY--PERSONAL NAME
Personal name المصري، جميل عبد الله محمد
Relator term مؤلف
245 10 - TITLE STATEMENT
Title الموالي : موقف الدولة الأموية منهم /
264 1# - PRODUCTION, PUBLICATION, DISTRIBUTION, MANUFACTURE, AND COPYRIGHT NOTICE
Place of production, publication, distribution, manufacture عمان :
Name of producer, publisher, distributor, manufacturer دار ام القرى للنشر و التوزيع،
Date of production, publication, distribution, manufacture, or copyright notice 1988.
300 ## - PHYSICAL DESCRIPTION
Extent 116 ص.
490 0# - SERIES STATEMENT
Series statement بحوث في التاريخ الإسلامي
Volume/sequential designation 1
650 17 - SUBJECT ADDED ENTRY--TOPICAL TERM
Topical term or geographic name as entry element التاريخ العربي الاسلامي
650 17 - SUBJECT ADDED ENTRY--TOPICAL TERM
Topical term or geographic name as entry element العصر الاموي
942 ## - ADDED ENTRY ELEMENTS (KOHA)
Source of classification or shelving scheme Dewey Decimal Classification
Koha item type كتب
المقتنيات
حالة السحب حالة الفقدان مصدر التصنيف حالة التلف غير قابل للإعارة المكتبة الرئيسية المكتبة الحالية موقع الرف تاريخ التزويد الرقم المتسلسل Total Checkouts رقم الإستدعاء الباركود تاريخ آخر ظهور تاريخ الفاتورة نوع المادة (كوها)
    Dewey Decimal Classification     مكتبة أبو علندا العامة مكتبة أبو علندا العامة الإعارة 20/07/2008 1208051   956.04/مصر PLD00029434 28/07/2025 20/07/2008 كتب
    Dewey Decimal Classification     مكتبة أم قصير والمقابلين العامة مكتبة أم قصير والمقابلين العامة الإعارة 20/07/2008 1208050   956.04/مصر PLD00029433 28/07/2025 20/07/2008 كتب
    Dewey Decimal Classification     مكتبة الأميرة ايمان العامة مكتبة الأميرة ايمان العامة الإعارة 20/07/2008 1208042   956.04/مصر PLD00029425 28/07/2025 20/07/2008 كتب
    Dewey Decimal Classification     مكتبة الاميرة بديعة مكتبة الاميرة بديعة الإعارة 20/07/2008 1208045   956.04/مصر PLD00029428 28/07/2025 20/07/2008 كتب
    Dewey Decimal Classification     مكتبة الجويدة مكتبة الجويدة الإعارة 20/07/2008 1208046   956.04/مصر PLD00029429 28/07/2025 20/07/2008 كتب
    Dewey Decimal Classification     مكتبة الحسن العامة مكتبة الحسن العامة الإعارة 20/07/2008 1208047   956.04/مصر PLD00029430 28/07/2025 20/07/2008 كتب
    Dewey Decimal Classification     مكتبة النصر العامة مكتبة النصر العامة الإعارة 20/07/2008 1208053   956.04/مصر PLD00029436 28/07/2025 20/07/2008 كتب
    Dewey Decimal Classification     مكتبة حمزة العامة مكتبة حمزة العامة الإعارة 20/07/2008 1208048   956.04/مصر PLD00029431 28/07/2025 20/07/2008 كتب
    Dewey Decimal Classification     مكتبة صويلح العامة مكتبة صويلح العامة الإعارة 20/07/2008 1208043   956.04/مصر PLD00029426 28/07/2025 20/07/2008 كتب
    Dewey Decimal Classification     مكتبة وادي السير العامة مكتبة وادي السير العامة الإعارة 20/07/2008 1208052   956.04/مصر PLD00029435 28/07/2025 20/07/2008 كتب
Implemented & Customized by: BBB with SCIT (Smart Chains for Information Technology)

Powered by Koha